| 000 | 00485nam a2200145Ia 4500 | ||
|---|---|---|---|
| 999 |
_c16030 _d16030 |
||
| 082 | _aTS.0015 | ||
| 100 | _aSuthar, J.J. | ||
| 245 | 0 | _aInvestigation into the effect of caste, effectiveness, responsibility and sex of the primary school teachers upon the pupils achievement | |
| 260 |
_c1987 _bSardar Patel University |
||
| 300 | _a322p. + C D - 50 | ||
| 650 | _aSCHOOL CHILDREN | ||
| 650 | _aELEMENTARY SCHOOL STUDENTS//SCHOOL CHILDREN | ||
| 710 | _aPandya, N.L. | ||
| 942 |
_cTH _2ddc |
||